000 00976nas a2200265 4500
001 BR8704891
003 BR-BrBNA
005 20231205090728.0
007 ta
008 230509b bl.|||p| |||| 00| 00por d
040 _aBR-BrBNA
_bpor
_cBiblioteca Nacional de Agricultura
041 _a(Pt)
072 _aF06; E14; D50
110 1 _aAssociacao Brasileira de Irrigacao e Drenagem, Brasilia, DF (Brasil)
_9308
245 1 _aIrrigacao ganha apoio integral de Sarney [PRONI - Programa Nacional de Irrigacao, PROINE - Programa de Irrigacao do Nordeste]
246 1 _aIrrigation is supported by President Sarney
650 _aIRRIGACAO
650 _aPOLITICA DE DESENVOLVIMENTO
650 _aPOLITICA GOVERNAMENTAL
650 _aPROJETO DE DESENVOLVIMENTO
650 _aLEGISLACAO
773 0 _tITEM. Irrigacao e Tecnologia Moderna (Brazil)
_xISSN 0102-115X
_g(Mar 1986), no. 24 p. 20-24
_wBR8704891
909 _a202311
_bLúcia
_c55
_dLúcia Elande
942 _2AGRIS
_n0
_cANA
999 _c120498
_d120498